Jack's Ward, or, The boy guardian /

Bibliographic Details
Main Author: Alger, Horatio, Jr., 1832-1899
Format: Book
Language:English
Published: New York : New York Book Co., 1909.
Series:Famous Alger stories for boys ; no. 8.

MARC

Tag First Indicator Second Indicator Subfields
LEADER 00000cam a2200000 a 4500
001 in00000559521
005 20151014053647.0
008 830124s1909 nyua j 00011 engm
035 |a (OCoLC)09158890 
035 |9 ACK3279AM 
040 |a SOI  |c SOI  |d TXA  |d UtOrBLW 
049 |a [Curr Col] TXAM  |c [A08322021] 
090 |a PZ7.A395  |b J32 1909 
092 |a 813.4  |b A395jw 
100 1 |a Alger, Horatio,  |c Jr.,  |d 1832-1899. 
245 1 0 |a Jack's Ward, or, The boy guardian /  |c by Horatio Alger, Jr. 
264 1 |a New York :  |b New York Book Co.,  |c 1909. 
300 |a 164 pages :  |b illustrations 
336 |a text  |b txt  |2 rdacontent 
337 |a unmediated  |b n  |2 rdamedia 
338 |a volume  |b nc  |2 rdacarrier 
490 1 |a Famous Alger stories for boys ;  |v no. 8 
740 4 |a The boy guardian. 
830 0 |a Famous Alger stories for boys ;  |v no. 8. 
999 |a MARS 
999 f f |s d16cdeb9-67ad-3123-8c60-0fb3c5178e8e  |i 67dbcbe5-3269-3c17-90bd-552b1f9f2bd0  |t 0 
952 f f |p normal  |a Texas A&M University  |b College Station  |c Sterling C. Evans Library  |d Evans: Library Stacks  |t 0  |e PZ7.A395 J32 1909  |h Library of Congress classification  |i unmediated -- volume  |m A14808322021 
998 f f |a PZ7.A395 J32 1909  |t 0  |l Evans: Library Stacks